[Event "Teplice op 7th"]
[Site "Teplice"]
[Date "2012.06.17"]
[Round "2"]
[White "Kriebel, Tadeas"]
[Black "Grichkevitch, Gilles"]
[Result "1-0"]
[WhiteElo "2390"]
[BlackElo "2100"]
[PlyCount "81"]
[EventDate "2012.06.16"]
[EventType "swiss"]
[EventRounds "9"]
[EventCountry "CZE"]
[SourceTitle "CBM 149 Extra"]
[Source "ChessBase"]
[SourceDate "2012.08.24"]
[SourceVersion "1"]
[SourceVersionDate "2012.08.24"]
[SourceQuality "1"]

1. d4 Nf6 2. Nf3 g6 3. c4 Bg7 4. g3 0-0 5. Bg2 d6 6. 0-0 Nbd7 7. Nc3 e5 8. e4 exd4 9. Nxd4 Re8 10. Re1 a6 11. h3 Ne5 12. b3 c5 13. Nc2 Rb8 14. f4 Nc6 15. Bd2 Qc7 16. Rc1 b5 17. Nd5 Nxd5 18. cxd5 Nd4 19. Be3 Nxc2 20. Qxc2 Bd7 21. Kh2 Rbc8 22. Qf2 Qb8 23. f5 gxf5 24. exf5 Re5 25. g4 Bf6 26. Bf4 Rxe1 27. Rxe1 Re8 28. Rxe8+ Bxe8 29. g5 Bd4 30. Qg3 Be5 31. Bxe5 dxe5 32. Be4 b4 33. f6 Qb5 34. Bd3 Qb8 35. Kg2 Bb5 36. Be4 Kh8 37. Qh4 Qg8 38. d6 Bd7 39. Qh6 a5 40. h4 a4 41. h5 1-0

[Event "Teplice op 7th"]
[Site "Teplice"]
[Date "2012.06.16"]
[Round "1"]
[White "Grichkevitch, Gilles"]
[Black "Maly, Jiri"]
[Result "1-0"]
[WhiteElo "2100"]
[BlackElo "1675"]
[PlyCount "64"]
[EventDate "2012.06.16"]
[EventType "swiss"]
[EventRounds "9"]
[EventCountry "CZE"]
[SourceTitle "CBM 149 Extra"]
[Source "ChessBase"]
[SourceDate "2012.08.24"]
[SourceVersion "1"]
[SourceVersionDate "2012.08.24"]
[SourceQuality "1"]

1. e4 c5 2. Nf3 Nc6 3. Bb5 a6 4. Bxc6 bxc6 5. 0-0 e6 6. d3 d6 7. e5 d5 8. c4 Ne7 9. Nc3 g6 10. Bg5 Bg7 11. Qd2 Qc7 12. Rfe1 0-0 13. Bf6 Nf5 14. g4 Nd4 15. Nxd4 cxd4 16. Ne2 c5 17. Ng3 Qc6 18. Nh5 Bb7 19. Bxg7 dxc4 20. Re4 cxd3 21. Rae1 f5 22. exf6 gxh5 23. Qg5 Qd5 24. Qh6 Rf7 25. h3 hxg4 26. hxg4 Qxe4 27. Rxe4 Bxe4 28. Qf4 Bd5 29. b3 Raf8 30. Bxf8 Rxf8 31. Qg5+ Kf7 32. Qg7+ Ke8 1-0

[Event "Calvia Amateur op 8th"]
[Site "Calvia"]
[Date "2011.10.14"]
[Round "7"]
[White "Grichkevitch, Gilles"]
[Black "Planas Gene, Juan"]
[Result "0-1"]
[WhiteElo "2081"]
[BlackElo "2105"]
[PlyCount "104"]
[EventDate "2011.10.08"]
[EventType "swiss"]
[EventRounds "9"]
[EventCountry "ESP"]
[SourceTitle "CBM 144 Extra"]
[Source "ChessBase"]
[SourceDate "2011.10.28"]
[SourceVersion "1"]
[SourceVersionDate "2011.10.28"]
[SourceQuality "1"]

1. e4 e5 2. d4 exd4 3. Qxd4 Nc6 4. Qe3 Nf6 5. Nc3 Bb4 6. Bd2 d6 7. 0-0-0 Qe7 8. f3 Qe5 9. a3 Bc5 10. Qe1 a6 11. f4 Qd4 12. Nd5 Nxd5 13. exd5+ Ne7 14. Bc3 Qe3+ 15. Kb1 Qxe1 16. Rxe1 f6 17. g3 Kf7 18. Bg2 b5 19. Ne2 Bb7 20. Rd1 Rhe8 21. Nd4 Nxd5 22. Bxd5+ Bxd5 23. Rhf1 Bc4 24. Rh1 Bb6 25. h4 Be2 26. Rd2 Bg4 27. Rf1 Re3 28. Rg1 Rae8 29. Rd3 Rxd3 30. cxd3 c5 31. Nc2 Bf5 32. Rd1 d5 33. Kc1 d4 34. Be1 Re2 35. Rd2 Re8 36. Bf2 c4 37. dxc4 Bxc2 38. Kxc2 d3+ 39. Kc3 Bxf2 40. Rxf2 Re2 41. Rxe2 dxe2 42. Kd2 bxc4 43. Kxe2 Ke6 44. Kd2 Kd5 45. Kc3 Kc5 46. g4 a5 47. b3 cxb3 48. Kxb3 Kb5 49. a4+ Kc5 50. Kc3 Kd5 51. Kd3 g6 52. g5 f5 0-1